English Premier League Players - Sudden Death - Statistics

General Stats
  • This quiz has been taken 1,048 times
  • The average score is 7 of 14
Answers on the Grid
Answers color-coded by a green-red scale on the quiz's grid according to % correct below.
Martin Ødegaard
William Saliba
Leroy Sané
Achraf Hakimi
Erling Haaland
Manuel Akanji
Marc-André ter Stegen
Gavi
Nuno Mendes
Harry Kane
Cole Palmer
Declan Rice
Loïs Openda
Josko Gvardiol
Ederson
Jeremie Frimpong
Phil Foden
André Onana
Enzo Millot
Nicolò Barella
Ben White
Bradley Barcola
Bukayo Saka
João Neves
Rafael Leão
Alexander Isak
Mason Greenwood
João Palhinha
Federico Valverde
Rodri
 
Answer Stats
Answer % Correct
Martin Ødegaard
83%
William Saliba
70%
Erling Haaland
62%
Cole Palmer
60%
Declan Rice
58%
Phil Foden
50%
Bukayo Saka
45%
Ben White
44%
Manuel Akanji
44%
Josko Gvardiol
43%
Alexander Isak
40%
Ederson
39%
Rodri
38%
André Onana
37%
No matching quizzes found
Score Distribution
Percent of People with Each Score
Percentile by Number Answered
Your Score History
You have not taken this quiz